Basic tables for constituency areas

Na minha lista:
Detalhes bibliográficos
Formato: Livro
Idioma:inglês
chinês
Publicado em: HongKong Census and Statistics Department 2001
Colecção:Population Census
Assuntos:
Tags: Adicionar Tag
Sem tags, seja o primeiro a adicionar uma tag!

MARC

LEADER 00000nam a2200000 4500
001 c133917
005 20221124102818.0
041 0 |a eng 
041 0 |a chi 
044 |a CN 
245 1 0 |a Basic tables for constituency areas 
264 1 |a HongKong  |b Census and Statistics Department  |c 2001 
300 |a 309 s. 
490 1 |a Population Census 
830 0 |a Population Census 
610 2 0 |a štatistika 
610 2 0 |a Hongkong